|
|
|
|
| LEADER |
00000nbm0a2200000 4500 |
| 001 |
137108 |
| 005 |
20231031140920.0 |
| 035 |
|
|
|a (RuTPU)RU\TPU\book\148599
|
| 090 |
|
|
|a 137108
|
| 100 |
|
|
|a 20080505d1969 k y0rusy50 ca
|
| 101 |
0 |
|
|a rus
|
| 102 |
|
|
|a RU
|
| 105 |
|
|
|a a m 001zy
|
| 200 |
1 |
|
|a Вопросы разработки и исследования схемы однополярного импульсного питания электромагнита синхротрона на 1.5 ГЭВ
|e диссертация на соискание ученой степени кандидата технических наук
|f Л. И. Миненко
|g Томский политехнический институт (ТПИ) ; науч. рук. В. В. Ивашин , И. П. Чучалин
|
| 210 |
|
|
|a Томск
|d 1969
|
| 215 |
|
|
|a 174 л.
|c ил.
|
| 320 |
|
|
|a Библиогр.: с. 164-172 (121 назв.)
|
| 610 |
1 |
|
|a диссертации
|
| 610 |
1 |
|
|a синхротроны
|
| 610 |
1 |
|
|a электромагниты
|
| 610 |
1 |
|
|a импульсное питание
|
| 610 |
1 |
|
|a схемы
|
| 610 |
1 |
|
|a разработка
|
| 610 |
1 |
|
|a ускорители
|
| 610 |
1 |
|
|a импульсное возбуждение
|
| 610 |
1 |
|
|a емкостные накопители
|
| 610 |
1 |
|
|a энергия
|
| 610 |
1 |
|
|a коммутирующие устройства
|
| 610 |
1 |
|
|a труды учёных ТПУ
|
| 675 |
|
|
|a 539.1.076.612(04)
|v 3
|
| 700 |
|
1 |
|a Миненко
|b Л. И.
|c старший научный сотрудник каф. прикладной математики (ПМ) АВТФ, ТПУ
|c кандидат технических наук
|f 1932-
|g Леонтий Иванович
|2 stltpush
|3 (RuTPU)RU\TPU\pers\25937
|
| 702 |
|
1 |
|a Ивашин
|b В. В.
|c российский ученый, доктор технических наук
|c профессор кафедры электрических машин и аппаратов Томского политехнического института
|c профессор Тольяттинского государственного университета
|f 1934-
|g Виктор Васильевич
|2 stltpush
|3 (RuTPU)RU\TPU\pers\19792
|4 727
|
| 702 |
|
1 |
|a Чучалин
|b И. П.
|c физик
|c ректор Томского института автоматизированных систем управления и радиоэлектроники (ТИАСУР), 1972-1981
|c ректор Томского политехнического института (ТПИ), 1981-1990
|c выпускник ФТФ ТПИ 1951 г.
|f 1925-
|g Иван Петрович
|2 stltpush
|3 (RuTPU)RU\TPU\pers\11823
|4 727
|
| 712 |
0 |
2 |
|a Томский политехнический институт (ТПИ)
|c (1944-1991)
|2 stltpush
|3 (RuTPU)RU\TPU\col\1123
|
| 801 |
|
1 |
|a RU
|b 63413507
|c 20080505
|g PSBO
|
| 801 |
|
2 |
|a RU
|b 63413507
|c 20220208
|g RCR
|
| 942 |
|
|
|c BK
|